[Event "blitmenteam"]
[Site "?"]
[Date "2016.10.07"]
[Round "6.10"]
[White "Chigaev, Maksim"]
[Black "Romanov, Evgeny"]
[Result "1-0"]
[LiveChessVersion "1.4.4"]
[BlackElo "2518"]
[WhiteElo "2563"]

1. f4 {[%clk 0:03:03]} d5 {[%clk 0:03:02]} 2. Nf3 {[%clk 0:03:04]} Bg4
{[%clk 0:03:03]} 3. e3 {[%clk 0:03:05]} Nd7 {[%clk 0:03:04]} 4. Be2
{[%clk 0:03:06]} c6 {[%clk 0:03:04]} 5. O-O {[%clk 0:03:06]} Ngf6
{[%clk 0:03:03]} 6. b3 {[%clk 0:02:43]} g6 {[%clk 0:03:04]} 7. Bb2
{[%clk 0:02:44]} Bg7 {[%clk 0:03:06]} 8. Ne5 {[%clk 0:02:41]} Bxe2
{[%clk 0:03:05]} 9. Qxe2 {[%clk 0:02:42]} O-O {[%clk 0:03:04]} 10. d3
{[%clk 0:02:40]} Ne8 {[%clk 0:02:56]} 11. Nd2 {[%clk 0:02:32]} Nd6
{[%clk 0:02:37]} 12. Nxd7 {[%clk 0:02:17]} Qxd7 {[%clk 0:02:32]} 13. Bxg7
{[%clk 0:02:17]} Kxg7 {[%clk 0:02:33]} 14. Nf3 {[%clk 0:02:15]} Rad8
{[%clk 0:02:15]} 15. a4 {[%clk 0:02:13]} Qc7 {[%clk 0:02:06]} 16. e4
{[%clk 0:02:04]} dxe4 {[%clk 0:01:55]} 17. dxe4 {[%clk 0:02:05]} Qb6+
{[%clk 0:01:44]} 18. Kh1 {[%clk 0:02:06]} Qb4 {[%clk 0:01:44]} 19. Rae1
{[%clk 0:02:07]} b5 {[%clk 0:01:38]} 20. Ne5 {[%clk 0:01:53]} Qc5
{[%clk 0:01:32]} 21. a5 {[%clk 0:01:25]} b4 {[%clk 0:01:17]} 22. g4
{[%clk 0:01:08]} Nb5 {[%clk 0:01:14]} 23. Nc4 {[%clk 0:01:04]} Nc3
{[%clk 0:01:12]} 24. Qf3 {[%clk 0:00:59]} Rd4 {[%clk 0:01:09]} 25. g5
{[%clk 0:00:53]} e6 {[%clk 0:00:50]} 26. Ne5 {[%clk 0:00:38]} Qd6
{[%clk 0:00:32]} 27. Nd3 {[%clk 0:00:27]} c5 {[%clk 0:00:30]} 28. f5
{[%clk 0:00:28]} Qc6 {[%clk 0:00:14]} 29. fxg6 {[%clk 0:00:18]} hxg6
{[%clk 0:00:15]} 30. Ne5 {[%clk 0:00:16]} Qb7 {[%clk 0:00:12]} 31. Qf6+
{[%clk 0:00:09]} Kh7 {[%clk 0:00:12]} 32. Nxg6 {[%clk 0:00:08]} Rxe4
{[%clk 0:00:04]} 33. Nxf8+ {[%clk 0:00:08]} Kg8 {[%clk 0:00:06]} 34. Rxe4
{[%clk 0:00:05]} Qxe4+ {[%clk 0:00:06]} 35. Qf3 {[%clk 0:00:06]} Qxf3+
{[%clk 0:00:06]} 36. Rxf3 {[%clk 0:00:07]} Kxf8 {[%clk 0:00:07]} 37. h4
{[%clk 0:00:09]} Nb5 {[%clk 0:00:05]} 38. h5 {[%clk 0:00:09]} Nd4
{[%clk 0:00:06]} 39. Rf6 {[%clk 0:00:09]} Kg7 {[%clk 0:00:05]} 40. h6+ Kg8
{[%clk 0:00:07]} 41. g6 {[%clk 0:00:10]} fxg6 {[%clk 0:00:08]} 42. Rxg6+
{[%clk 0:00:11]} Kh7 {[%clk 0:00:09]} 43. Rg7+ {[%clk 0:00:12]} Kxh6
{[%clk 0:00:10]} 44. Rxa7 {[%clk 0:00:13]} Nxc2 {[%clk 0:00:12]} 45. Rc7
{[%clk 0:00:13]} Nd4 {[%clk 0:00:12]} 46. a6 {[%clk 0:00:14]} 1-0

[Event "blitmenteam"]
[Site "?"]
[Date "2016.10.07"]
[Round "6.11"]
[White "Levin, Evgeny A."]
[Black "Predke, Alexandr"]
[Result "1/2-1/2"]
[LiveChessVersion "1.4.4"]
[BlackElo "2500"]
[WhiteElo "2480"]

1. d4 {[%clk 0:03:03]} Nf6 {[%clk 0:03:03]} 2. Nf3 {[%clk 0:03:04]} b6
{[%clk 0:03:03]} 3. Bg5 {[%clk 0:03:01]} e6 {[%clk 0:02:57]} 4. Nbd2
{[%clk 0:02:57]} Bb7 {[%clk 0:02:56]} 5. e3 {[%clk 0:02:57]} Be7 {[%clk 0:02:55]}
6. Bd3 {[%clk 0:02:58]} O-O {[%clk 0:02:51]} 7. O-O {[%clk 0:02:58]} d6
{[%clk 0:02:48]} 8. c3 {[%clk 0:02:57]} Nbd7 {[%clk 0:02:49]} 9. h3
{[%clk 0:02:53]} e5 {[%clk 0:02:36]} 10. e4 {[%clk 0:02:47]} h6 {[%clk 0:02:31]}
11. Bh4 {[%clk 0:02:37]} Nh5 {[%clk 0:02:03]} 12. Bxe7 {[%clk 0:02:38]} Qxe7
{[%clk 0:02:04]} 13. Re1 {[%clk 0:02:39]} Nf4 {[%clk 0:02:00]} 14. Bf1
{[%clk 0:02:39]} a5 {[%clk 0:01:45]} 15. g3 {[%clk 0:02:37]} Ne6 {[%clk 0:01:46]}
16. Qc2 {[%clk 0:02:27]} Ng5 {[%clk 0:01:09]} 17. Nxg5 {[%clk 0:02:23]} Qxg5
{[%clk 0:01:06]} 18. Bg2 {[%clk 0:02:08]} Rfe8 {[%clk 0:01:03]} 19. Rad1
{[%clk 0:02:08]} Qg6 {[%clk 0:00:55]} 20. Nc4 {[%clk 0:01:51]} Nf6
{[%clk 0:00:55]} 21. dxe5 {[%clk 0:01:43]} dxe5 {[%clk 0:00:52]} 22. Rd2
{[%clk 0:01:38]} b5 {[%clk 0:00:44]} 23. Na3 {[%clk 0:01:30]} Bc6
{[%clk 0:00:45]} 24. Rdd1 {[%clk 0:01:29]} Rad8 {[%clk 0:00:44]} 25. Rxd8
{[%clk 0:00:57]} Rxd8 {[%clk 0:00:45]} 26. Nb1 {[%clk 0:00:48]} Qg5
{[%clk 0:00:31]} 27. h4 {[%clk 0:00:49]} Qg4 {[%clk 0:00:32]} 28. Nd2
{[%clk 0:00:49]} Qe6 {[%clk 0:00:20]} 29. b4 {[%clk 0:00:36]} Qd6
{[%clk 0:00:18]} 30. Nb3 {[%clk 0:00:29]} a4 {[%clk 0:00:16]} 31. Nc5
{[%clk 0:00:30]} Qd2 {[%clk 0:00:15]} 32. Re2 {[%clk 0:00:26]} Qxc2 33. Rxc2
{[%clk 0:00:28]} Rd1+ {[%clk 0:00:14]} 34. Kh2 {[%clk 0:00:28]} Nd7
{[%clk 0:00:13]} 35. Nxd7 {[%clk 0:00:23]} Bxd7 {[%clk 0:00:14]} 36. c4
{[%clk 0:00:20]} bxc4 {[%clk 0:00:11]} 37. Rxc4 {[%clk 0:00:20]} Be6
{[%clk 0:00:12]} 38. Rxc7 {[%clk 0:00:14]} Bxa2 {[%clk 0:00:12]} 39. Ra7
{[%clk 0:00:15]} Bb3 {[%clk 0:00:09]} 40. b5 {[%clk 0:00:16]} Rb1
{[%clk 0:00:06]} 41. b6 {[%clk 0:00:16]} Be6 {[%clk 0:00:07]} 42. Rxa4
{[%clk 0:00:17]} Rxb6 {[%clk 0:00:08]} 1/2-1/2

[Event "blitmenteam"]
[Site "?"]
[Date "2016.10.07"]
[Round "6.12"]
[White "Yuffa, Daniil"]
[Black "Usmanov, Vasily"]
[Result "1/2-1/2"]
[LiveChessVersion "1.4.4"]
[BlackElo "2396"]
[WhiteElo "2460"]

1. d4 {[%clk 0:03:03]} Nf6 {[%clk 0:03:03]} 2. c4 {[%clk 0:03:04]} e6
{[%clk 0:03:04]} 3. g3 {[%clk 0:03:06]} Bb4+ {[%clk 0:03:05]} 4. Bd2
{[%clk 0:03:07]} Qe7 {[%clk 0:03:07]} 5. Bg2 {[%clk 0:03:08]} O-O
{[%clk 0:03:06]} 6. Nc3 {[%clk 0:03:04]} Nc6 {[%clk 0:03:04]} 7. Nf3
{[%clk 0:03:01]} e5 {[%clk 0:02:59]} 8. d5 {[%clk 0:02:50]} e4 {[%clk 0:02:45]}
9. Nh4 {[%clk 0:02:37]} Ne5 {[%clk 0:02:27]} 10. b3 {[%clk 0:02:36]} e3
{[%clk 0:02:23]} 11. fxe3 {[%clk 0:02:37]} d6 {[%clk 0:02:23]} 12. O-O
{[%clk 0:02:29]} Neg4 {[%clk 0:02:24]} 13. Qc1 {[%clk 0:02:06]} Re8
{[%clk 0:02:17]} 14. Rf3 {[%clk 0:01:40]} Ne5 {[%clk 0:01:47]} 15. Rf1
{[%clk 0:01:42]} Neg4 {[%clk 0:01:47]} 16. Rf3 {[%clk 0:01:43]} Ne5
{[%clk 0:01:29]} 17. Rf1 {[%clk 0:01:44]} Neg4 {[%clk 0:01:19]} 18. Rf3
{[%clk 0:01:45]} Ne5 19. Rf1 Neg4 {[%clk 0:00:21]} 20. Rf3 {[%clk 0:01:45]} Ne5
{[%clk 0:00:20]} 21. Rf1 Neg4 22. Rf3 {[%clk 0:01:24]} Ne5 {[%clk 0:00:24]} 23.
Rf1 {[%clk 0:01:26]} Neg4 {[%clk 0:00:25]} 24. Rf3 {[%clk 0:01:12]} 1/2-1/2

[Event "blitmenteam"]
[Site "?"]
[Date "2016.10.07"]
[Round "6.13"]
[White "Moskalenko, Alexander"]
[Black "Golubov, Saveliy"]
[Result "1/2-1/2"]
[LiveChessVersion "1.4.4"]
[BlackElo "2530"]
[WhiteElo "2573"]

1. d4 {[%clk 0:03:03]} Nf6 {[%clk 0:03:03]} 2. Nf3 {[%clk 0:02:58]} g6
{[%clk 0:03:04]} 3. Bg5 {[%clk 0:02:58]} Bg7 {[%clk 0:03:05]} 4. Nbd2
{[%clk 0:02:58]} O-O {[%clk 0:03:06]} 5. c3 {[%clk 0:02:59]} d6 {[%clk 0:03:07]}
6. e4 {[%clk 0:02:59]} c5 {[%clk 0:03:04]} 7. dxc5 {[%clk 0:02:58]} dxc5
{[%clk 0:03:06]} 8. Bc4 {[%clk 0:02:59]} Nc6 {[%clk 0:03:07]} 9. O-O
{[%clk 0:02:59]} h6 {[%clk 0:03:05]} 10. Bh4 {[%clk 0:02:59]} Nh5
{[%clk 0:03:06]} 11. Qe2 {[%clk 0:02:59]} Qc7 {[%clk 0:03:06]} 12. Rfe1
{[%clk 0:02:52]} Bg4 {[%clk 0:02:45]} 13. Qe3 {[%clk 0:02:50]} b6
{[%clk 0:02:38]} 14. Bg3 {[%clk 0:02:30]} Nxg3 {[%clk 0:02:38]} 15. hxg3
{[%clk 0:02:31]} Bxf3 {[%clk 0:02:27]} 16. Nxf3 {[%clk 0:02:31]} Rad8
{[%clk 0:02:27]} 17. Rad1 {[%clk 0:02:06]} e6 {[%clk 0:02:27]} 1/2-1/2

[Event "blitmenteam"]
[Site "?"]
[Date "2016.10.07"]
[Round "6.14"]
[White "Ivanov, Alexander Al."]
[Black "Paravyan, David"]
[Result "0-1"]
[LiveChessVersion "1.4.4"]
[BlackElo "2579"]
[WhiteElo "2313"]

1. e4 {[%clk 0:03:02]} e5 {[%clk 0:03:02]} 2. Nf3 {[%clk 0:03:02]} Nc6
{[%clk 0:03:02]} 3. Bb5 {[%clk 0:03:04]} Nf6 {[%clk 0:03:03]} 4. O-O
{[%clk 0:02:57]} Nxe4 {[%clk 0:03:03]} 5. Re1 {[%clk 0:02:55]} Nd6
{[%clk 0:03:04]} 6. Nxe5 {[%clk 0:02:39]} Be7 {[%clk 0:03:05]} 7. Nxc6
{[%clk 0:02:29]} dxc6 {[%clk 0:03:05]} 8. Bf1 {[%clk 0:02:27]} O-O
{[%clk 0:02:57]} 9. Nc3 {[%clk 0:02:25]} Bf5 {[%clk 0:02:57]} 10. d3
{[%clk 0:02:23]} Qd7 {[%clk 0:02:57]} 11. Qf3 {[%clk 0:02:16]} Rfe8
{[%clk 0:02:49]} 12. Ne4 {[%clk 0:01:53]} Rad8 {[%clk 0:02:32]} 13. Bf4
{[%clk 0:01:35]} Nb5 {[%clk 0:02:04]} 14. Be3 {[%clk 0:01:23]} Bg6
{[%clk 0:01:51]} 15. c3 {[%clk 0:01:21]} b6 {[%clk 0:01:48]} 16. Ng3
{[%clk 0:01:15]} c5 {[%clk 0:01:42]} 17. a4 {[%clk 0:01:15]} Nd6 {[%clk 0:01:42]}
18. a5 {[%clk 0:01:14]} Qb5 {[%clk 0:01:38]} 19. axb6 {[%clk 0:01:11]} axb6
{[%clk 0:01:39]} 20. d4 {[%clk 0:00:54]} c4 {[%clk 0:01:26]} 21. b4
{[%clk 0:00:52]} Bd3 {[%clk 0:01:20]} 22. Bf4 {[%clk 0:00:49]} Bf8
{[%clk 0:01:05]} 23. Rxe8 Rxe8 {[%clk 0:01:05]} 24. Ra8 {[%clk 0:00:42]} Bxf1
{[%clk 0:00:18]} 25. Kxf1 {[%clk 0:00:37]} h6 {[%clk 0:00:07]} 26. Bxd6
{[%clk 0:00:35]} Bxd6 {[%clk 0:00:05]} 27. Nf5 {[%clk 0:00:30]} Rxa8
{[%clk 0:00:04]} 28. Qxa8+ {[%clk 0:00:32]} Kh7 {[%clk 0:00:05]} 29. Qe4
{[%clk 0:00:32]} Kg8 {[%clk 0:00:03]} 30. Ne3 {[%clk 0:00:30]} Qa6
{[%clk 0:00:03]} 31. Nxc4 {[%clk 0:00:29]} Qxc4+ {[%clk 0:00:04]} 32. Kg1
{[%clk 0:00:30]} Qxc3 {[%clk 0:00:05]} 33. Qe8+ {[%clk 0:00:31]} Kh7
{[%clk 0:00:06]} 34. Qe4+ {[%clk 0:00:33]} g6 35. g3 Kg7 {[%clk 0:00:08]} 36. b5
{[%clk 0:00:35]} Qc4 {[%clk 0:00:09]} 37. h4 {[%clk 0:00:34]} h5 {[%clk 0:00:10]}
38. g4 {[%clk 0:00:34]} hxg4 {[%clk 0:00:11]} 39. h5 {[%clk 0:00:36]} gxh5
{[%clk 0:00:11]} 40. Qf5 {[%clk 0:00:37]} Qc1+ {[%clk 0:00:07]} 41. Kg2
{[%clk 0:00:39]} Qh6 {[%clk 0:00:06]} 42. Qd5 {[%clk 0:00:36]} Qg6
{[%clk 0:00:07]} 43. Qa8 {[%clk 0:00:35]} h4 {[%clk 0:00:08]} 0-1

[Event "blitmenteam"]
[Site "?"]
[Date "2016.10.07"]
[Round "6.15"]
[White "Matinian, Nikita"]
[Black "Uzhva, Andrey"]
[Result "1/2-1/2"]
[LiveChessVersion "1.4.4"]
[BlackElo "2132"]
[WhiteElo "2539"]

1. d4 {[%clk 0:03:04]} Nf6 {[%clk 0:03:03]} 2. Nf3 {[%clk 0:03:05]} d5
{[%clk 0:03:02]} 3. Bf4 {[%clk 0:03:05]} g6 {[%clk 0:03:02]} 4. e3
{[%clk 0:03:05]} Bg7 {[%clk 0:03:02]} 5. Nbd2 {[%clk 0:03:06]} O-O
{[%clk 0:02:59]} 6. h3 {[%clk 0:03:06]} c5 {[%clk 0:02:53]} 7. c3
{[%clk 0:03:07]} b6 {[%clk 0:02:47]} 8. Bd3 {[%clk 0:03:02]} Bb7 {[%clk 0:02:43]}
9. a4 {[%clk 0:02:54]} Nc6 {[%clk 0:02:32]} 10. O-O {[%clk 0:02:50]} Nd7
{[%clk 0:02:26]} 11. Bb5 {[%clk 0:01:41]} a6 {[%clk 0:02:06]} 12. Bxc6
{[%clk 0:01:42]} Bxc6 {[%clk 0:02:07]} 13. Re1 {[%clk 0:01:39]} h6
{[%clk 0:01:40]} 14. b4 {[%clk 0:01:34]} Rc8 {[%clk 0:01:26]} 15. a5
{[%clk 0:01:33]} 1/2-1/2

[Event "blitmenteam"]
[Site "?"]
[Date "2016.10.07"]
[Round "6.16"]
[White "Ivlev, Aleksey"]
[Black "Vastrukhin, Oleg"]
[Result "1-0"]
[LiveChessVersion "1.4.4"]
[BlackElo "2355"]
[WhiteElo "2331"]

1. d4 {[%clk 0:03:04]} g6 2. Nf3 Bg7 {[%clk 0:03:05]} 3. c4 {[%clk 0:03:06]} Nf6
{[%clk 0:03:05]} 4. g3 {[%clk 0:03:08]} O-O 5. Bg2 c6 {[%clk 0:03:07]} 6. O-O
{[%clk 0:03:09]} d5 {[%clk 0:03:08]} 7. b3 {[%clk 0:03:10]} Bf5 {[%clk 0:03:08]}
8. Bb2 {[%clk 0:03:12]} Nbd7 {[%clk 0:03:08]} 9. Nbd2 {[%clk 0:03:13]} Ne4
{[%clk 0:03:09]} 10. Nxe4 {[%clk 0:03:09]} Bxe4 {[%clk 0:03:10]} 11. Bh3
{[%clk 0:03:01]} Bxf3 {[%clk 0:03:08]} 12. exf3 {[%clk 0:03:02]} e6
{[%clk 0:03:09]} 13. Qd2 {[%clk 0:02:58]} a5 {[%clk 0:03:08]} 14. Ba3
{[%clk 0:02:57]} Re8 {[%clk 0:03:09]} 15. Bb2 {[%clk 0:02:39]} a4
{[%clk 0:03:08]} 16. Rfe1 {[%clk 0:02:37]} Qa5 {[%clk 0:02:59]} 17. Bc3
{[%clk 0:02:38]} Qa6 {[%clk 0:03:00]} 18. Bf1 {[%clk 0:02:39]} Qa7
{[%clk 0:02:58]} 19. h4 {[%clk 0:02:34]} Nb6 {[%clk 0:02:40]} 20. h5
{[%clk 0:02:30]} Nc8 {[%clk 0:02:40]} 21. hxg6 hxg6 {[%clk 0:02:41]} 22. Kg2
{[%clk 0:02:24]} Nd6 {[%clk 0:02:39]} 23. g4 {[%clk 0:02:10]} dxc4
{[%clk 0:02:36]} 24. bxc4 {[%clk 0:02:10]} b5 {[%clk 0:02:38]} 25. c5
{[%clk 0:02:06]} Nc4 {[%clk 0:02:35]} 26. Bxc4 {[%clk 0:01:30]} bxc4
{[%clk 0:02:36]} 27. f4 {[%clk 0:01:31]} Qd7 {[%clk 0:02:35]} 28. Rab1
{[%clk 0:01:32]} Qd5+ {[%clk 0:02:35]} 29. f3 {[%clk 0:01:29]} Rab8
{[%clk 0:02:34]} 30. Qe3 {[%clk 0:01:21]} Red8 {[%clk 0:02:32]} 31. Rxb8
{[%clk 0:00:54]} Rxb8 {[%clk 0:02:33]} 32. Qd2 {[%clk 0:00:45]} Rd8
{[%clk 0:01:56]} 33. Rd1 {[%clk 0:00:45]} f5 {[%clk 0:01:48]} 34. Kg3
{[%clk 0:00:44]} Kf7 {[%clk 0:01:48]} 35. Qc2 {[%clk 0:00:44]} a3
{[%clk 0:01:35]} 36. Qa4 {[%clk 0:00:43]} fxg4 37. fxg4 {[%clk 0:00:44]} Qe4
{[%clk 0:01:25]} 38. Qxc4 {[%clk 0:00:32]} Qe3+ {[%clk 0:01:21]} 39. Kg2
{[%clk 0:00:34]} Rh8 {[%clk 0:01:17]} 40. Qd3 {[%clk 0:00:34]} Rh3
{[%clk 0:01:10]} 41. Qxe3 {[%clk 0:00:30]} Rxe3 {[%clk 0:01:11]} 42. Bb4
{[%clk 0:00:32]} Re2+ {[%clk 0:01:03]} 43. Kf3 {[%clk 0:00:33]} Rxa2
{[%clk 0:01:04]} 44. Rd3 {[%clk 0:00:35]} Ra1 {[%clk 0:00:57]} 45. Bxa3
{[%clk 0:00:30]} Bxd4 {[%clk 0:00:58]} 46. Rxd4 {[%clk 0:00:29]} Rxa3+
{[%clk 0:00:59]} 47. Ke4 {[%clk 0:00:31]} Rc3 {[%clk 0:00:58]} 48. Rd7+
{[%clk 0:00:29]} Kf8 {[%clk 0:00:56]} 49. Ke5 {[%clk 0:00:30]} Rxc5+
{[%clk 0:00:53]} 50. Kf6 {[%clk 0:00:29]} Ke8 {[%clk 0:00:53]} 51. Re7+
{[%clk 0:00:30]} Kd8 {[%clk 0:00:54]} 52. Rxe6 {[%clk 0:00:30]} Kd7
{[%clk 0:00:48]} 53. Re7+ {[%clk 0:00:32]} Kd6 {[%clk 0:00:50]} 54. Re4
{[%clk 0:00:30]} Rc1 {[%clk 0:00:38]} 55. Kxg6 {[%clk 0:00:31]} c5
{[%clk 0:00:40]} 56. f5 {[%clk 0:00:32]} Kd5 {[%clk 0:00:40]} 57. Re2
{[%clk 0:00:32]} c4 {[%clk 0:00:39]} 58. f6 {[%clk 0:00:33]} Rf1 {[%clk 0:00:40]}
59. g5 {[%clk 0:00:31]} Kd4 {[%clk 0:00:41]} 60. Kg7 {[%clk 0:00:32]} Kd3
{[%clk 0:00:42]} 61. Rh2 {[%clk 0:00:32]} c3 {[%clk 0:00:38]} 62. f7
{[%clk 0:00:33]} Rd1 {[%clk 0:00:35]} 63. f8=Q {[%clk 0:00:30]} Rd2
{[%clk 0:00:36]} 64. Qf3+ {[%clk 0:00:30]} Kc2 {[%clk 0:00:37]} 65. Rxd2+
{[%clk 0:00:30]} cxd2 {[%clk 0:00:38]} 66. g6 {[%clk 0:00:32]} 1-0

[Event "blitmenteam"]
[Site "?"]
[Date "2016.10.07"]
[Round "6.18"]
[White "Iljin, Timofey"]
[Black "Zakhartsov, Vladimir"]
[Result "0-1"]
[LiveChessVersion "1.4.4"]
[BlackElo "2527"]
[WhiteElo "2398"]

1. d4 {[%clk 0:03:03]} Nf6 {[%clk 0:03:03]} 2. c4 {[%clk 0:03:05]} Nc6
{[%clk 0:03:05]} 3. Nf3 {[%clk 0:03:00]} d6 {[%clk 0:03:05]} 4. Nc3
{[%clk 0:03:00]} e5 {[%clk 0:03:07]} 5. d5 {[%clk 0:03:02]} Ne7 6. e4 Ng6
{[%clk 0:03:08]} 7. h4 {[%clk 0:03:03]} h5 {[%clk 0:03:02]} 8. g3
{[%clk 0:03:03]} Be7 {[%clk 0:02:59]} 9. Be2 {[%clk 0:03:04]} Ng4
{[%clk 0:02:53]} 10. Kf1 {[%clk 0:03:02]} O-O 11. Kg2 f5 {[%clk 0:02:34]} 12.
exf5 {[%clk 0:03:03]} Bxf5 {[%clk 0:02:34]} 13. Bd3 {[%clk 0:02:44]} Qd7
{[%clk 0:02:19]} 14. Ne4 {[%clk 0:02:44]} Rf7 {[%clk 0:02:10]} 15. Nfg5
{[%clk 0:01:17]} Bxg5 {[%clk 0:01:56]} 16. Nxg5 {[%clk 0:01:13]} Bxd3
{[%clk 0:01:06]} 17. Qxd3 {[%clk 0:00:40]} Rxf2+ {[%clk 0:00:54]} 18. Kg1
{[%clk 0:00:41]} Raf8 {[%clk 0:00:42]} 19. Be3 {[%clk 0:00:43]} Nxe3
{[%clk 0:00:34]} 20. Qxe3 {[%clk 0:00:44]} Qf5 {[%clk 0:00:31]} 21. Ne4
{[%clk 0:00:24]} Rf3 {[%clk 0:00:23]} 22. Qe2 {[%clk 0:00:19]} Qg4
{[%clk 0:00:22]} 23. Kh2 {[%clk 0:00:15]} Nxh4 {[%clk 0:00:10]} 24. Rag1
{[%clk 0:00:06]} Ng6 {[%clk 0:00:09]} 25. Rg2 {[%clk 0:00:05]} h4
{[%clk 0:00:07]} 26. Rhg1 {[%clk 0:00:04]} hxg3+ {[%clk 0:00:04]} 27. Rxg3
{[%clk 0:00:05]} Rxg3 {[%clk 0:00:05]} 28. Qxg4 Rxg4 29. Rxg4 {[%clk 0:00:05]}
Nf4 {[%clk 0:00:07]} 30. Ng5 {[%clk 0:00:05]} Rf6 {[%clk 0:00:07]} 31. Ne4
{[%clk 0:00:05]} Rh6+ {[%clk 0:00:08]} 32. Kg1 {[%clk 0:00:06]} c6
{[%clk 0:00:09]} 33. dxc6 bxc6 {[%clk 0:00:10]} 34. Kf2 {[%clk 0:00:07]} d5
{[%clk 0:00:10]} 35. cxd5 {[%clk 0:00:08]} cxd5 {[%clk 0:00:12]} 36. Nc5
{[%clk 0:00:08]} Rh2+ {[%clk 0:00:12]} 37. Ke3 {[%clk 0:00:08]} Rxb2
{[%clk 0:00:13]} 38. Rg5 {[%clk 0:00:07]} Rxa2 {[%clk 0:00:11]} 39. Rxe5
{[%clk 0:00:07]} Ng2+ {[%clk 0:00:08]} 40. Kd3 {[%clk 0:00:05]} a5
{[%clk 0:00:07]} 41. Rg5 {[%clk 0:00:04]} Kf7 {[%clk 0:00:06]} 42. Kd4
{[%clk 0:03:02]} 0-1

[Event "blitmenteam"]
[Site "?"]
[Date "2016.10.07"]
[Round "6.19"]
[White "Kovalev, Egor"]
[Black "Derjabin, Ilja"]
[Result "1-0"]
[LiveChessVersion "1.4.4"]
[BlackElo "2400"]
[WhiteElo "2228"]

1. Nf3 {[%clk 0:03:02]} c5 {[%clk 0:03:02]} 2. g3 {[%clk 0:03:03]} Nc6
{[%clk 0:03:03]} 3. d4 {[%clk 0:03:05]} cxd4 {[%clk 0:03:00]} 4. Nxd4
{[%clk 0:03:06]} Nf6 {[%clk 0:02:48]} 5. Bg2 {[%clk 0:03:07]} g6 {[%clk 0:02:49]}
6. O-O {[%clk 0:03:07]} Bg7 {[%clk 0:02:51]} 7. Nc3 {[%clk 0:03:08]} O-O
{[%clk 0:02:48]} 8. Re1 {[%clk 0:03:07]} Re8 {[%clk 0:02:33]} 9. e4
{[%clk 0:03:05]} Nxd4 {[%clk 0:02:30]} 10. Qxd4 {[%clk 0:03:05]} d6
{[%clk 0:02:32]} 11. Qb4 {[%clk 0:02:45]} Be6 {[%clk 0:02:18]} 12. Qxb7
{[%clk 0:02:14]} Nd7 {[%clk 0:02:19]} 13. e5 {[%clk 0:01:31]} Rb8
{[%clk 0:02:20]} 14. Qxa7 {[%clk 0:01:32]} Nxe5 {[%clk 0:02:20]} 15. Nd5
{[%clk 0:01:13]} Nc4 {[%clk 0:02:07]} 16. Nc7 {[%clk 0:01:06]} Qd7
{[%clk 0:02:03]} 17. Rxe6 {[%clk 0:00:39]} fxe6 18. Bh3 Kh8 {[%clk 0:01:40]} 19.
Bxe6 {[%clk 0:00:41]} Qc6 {[%clk 0:01:39]} 20. Nxe8 {[%clk 0:00:40]} Rxe8
{[%clk 0:01:25]} 21. Bd7 {[%clk 0:00:28]} Ra8 {[%clk 0:01:14]} 22. Bxc6
{[%clk 0:00:26]} Rxa7 {[%clk 0:01:16]} 23. c3 {[%clk 0:00:24]} e6
{[%clk 0:01:11]} 24. Bb5 {[%clk 0:00:23]} Na5 {[%clk 0:01:08]} 25. Rb1
{[%clk 0:00:22]} Rb7 {[%clk 0:01:04]} 26. a4 {[%clk 0:00:22]} d5 {[%clk 0:01:05]}
27. b4 {[%clk 0:00:21]} Nc4 {[%clk 0:01:05]} 28. Bxc4 {[%clk 0:00:19]} dxc4
{[%clk 0:01:06]} 29. Bd2 {[%clk 0:00:18]} Rd7 {[%clk 0:01:00]} 30. Rb2
{[%clk 0:00:20]} Ra7 {[%clk 0:00:33]} 31. Ra2 {[%clk 0:00:15]} Kg8
{[%clk 0:00:33]} 32. b5 {[%clk 0:00:16]} Rb7 {[%clk 0:00:25]} 33. Rb2
{[%clk 0:00:13]} Ra7 {[%clk 0:00:26]} 34. b6 {[%clk 0:00:14]} Rxa4
{[%clk 0:00:26]} 35. b7 {[%clk 0:00:14]} Be5 {[%clk 0:00:27]} 36. Bf4
{[%clk 0:00:15]} 1-0

[Event "blitmenteam"]
[Site "?"]
[Date "2016.10.07"]
[Round "6.20"]
[White "Papenin, Nikolai"]
[Black "Babikov, Ivan"]
[Result "0-1"]
[LiveChessVersion "1.4.4"]
[BlackElo "2189"]
[WhiteElo "2334"]

1. d4 {[%clk 0:03:03]} d5 {[%clk 0:03:03]} 2. c4 {[%clk 0:03:05]} e5
{[%clk 0:03:05]} 3. dxe5 {[%clk 0:03:05]} d4 {[%clk 0:03:06]} 4. Nf3
{[%clk 0:03:05]} Nc6 {[%clk 0:03:07]} 5. g3 {[%clk 0:03:07]} Be6 {[%clk 0:03:08]}
6. Nbd2 {[%clk 0:03:06]} Qd7 {[%clk 0:03:09]} 7. a3 {[%clk 0:02:55]} Bh3
{[%clk 0:02:48]} 8. Bxh3 {[%clk 0:02:49]} Qxh3 {[%clk 0:02:48]} 9. b4
{[%clk 0:02:50]} O-O-O {[%clk 0:02:30]} 10. b5 {[%clk 0:02:44]} Nb8
{[%clk 0:02:24]} 11. Qa4 {[%clk 0:02:38]} d3 {[%clk 0:01:54]} 12. e3
{[%clk 0:02:16]} Bc5 {[%clk 0:01:47]} 13. Bb2 {[%clk 0:01:55]} Ne7
{[%clk 0:01:29]} 14. O-O-O {[%clk 0:01:46]} a6 {[%clk 0:01:28]} 15. Bd4
{[%clk 0:01:28]} axb5 {[%clk 0:01:04]} 16. cxb5 {[%clk 0:01:27]} Bxd4
{[%clk 0:00:57]} 17. Nxd4 {[%clk 0:01:21]} Qg2 {[%clk 0:00:47]} 18. f4
{[%clk 0:00:43]} Nd5 {[%clk 0:00:47]} 19. Rdg1 {[%clk 0:00:25]} Qf2
{[%clk 0:00:33]} 20. Nf5 {[%clk 0:00:20]} Nxe3 {[%clk 0:00:27]} 21. Nxe3
{[%clk 0:00:17]} Qxe3 {[%clk 0:00:28]} 22. Re1 {[%clk 0:00:16]} Qf2
{[%clk 0:00:26]} 23. Rhf1 {[%clk 0:00:12]} Qxh2 {[%clk 0:00:25]} 24. Rf3
{[%clk 0:00:08]} Rd5 {[%clk 0:00:19]} 25. Qc4 {[%clk 0:00:04]} Rhd8
{[%clk 0:00:17]} 26. f5 {[%clk 0:00:05]} Qh5 {[%clk 0:00:07]} 27. g4
{[%clk 0:00:05]} Qh4 {[%clk 0:00:07]} 28. e6 {[%clk 0:00:06]} Qxe1+
{[%clk 0:00:08]} 29. Kb2 {[%clk 0:00:07]} Qxd2+ {[%clk 0:00:08]} 30. Kb3
{[%clk 0:00:08]} Qc2+ {[%clk 0:00:08]} 31. Qxc2 {[%clk 0:00:09]} dxc2
{[%clk 0:00:09]} 32. Kxc2 {[%clk 0:00:11]} fxe6 {[%clk 0:00:09]} 33. fxe6
{[%clk 0:00:12]} Re5 {[%clk 0:00:10]} 34. Rf7 {[%clk 0:00:10]} Rxe6 35. Rxg7 Rg6
{[%clk 0:00:11]} 36. Rxh7 {[%clk 0:00:12]} Rxg4 {[%clk 0:00:12]} 37. Rh2
{[%clk 0:00:13]} Rg3 {[%clk 0:00:12]} 38. Kb2 {[%clk 0:00:14]} Rdg8
{[%clk 0:00:13]} 39. a4 {[%clk 0:00:14]} Rg2+ {[%clk 0:00:14]} 0-1